[Event "Championnat de France - Accession"]
[Site "Nimes"]
[Date "2009.08.14"]
[Round "4.23"]
[White "Maatoug, Redwan"]
[Black "Lebreton, Flavien"]
[Result "1-0"]
[WhiteElo "2245"]
[BlackElo "2012"]
[PlyCount "133"]
[EventDate "2009.??.??"]

1. d4 Nf6 2. Nf3 c5 3. c3 d5 4. Bf4 Qb6 5. Qc2 Nc6 6. e3 g6 7. Bd3 c4 8. Be2
Bf5 9. Qc1 Bg7 10. O-O Nh5 11. Bg3 Nxg3 12. hxg3 O-O 13. Nbd2 Qc7 14. Nh4 b5
15. Nxf5 gxf5 16. g4 fxg4 17. Bxg4 f5 18. Bf3 e6 19. g3 Kh8 20. Kg2 Rg8 21. Rh1
Bf8 22. Rh5 Bd6 23. Qh1 Rg7 24. Qh3 Rag8 25. Rh1 Bxg3 26. Kf1 Bd6 27. Rh6 Re8
28. Bh5 Ree7 29. f4 Bxf4 30. Rf6 Rg3 31. Rg1 Rxg1+ 32. Kxg1 Bg5 33. Rf8+ Kg7
34. Re8 Rxe8 35. Bxe8 Kf8 36. Bxc6 Qxc6 37. Qg3 Be7 38. Nf3 Bd6 39. Qh4 Qd7 40.
Qf6+ Kg8 41. Kf2 Qe7 42. Qh6 Kh8 43. Ng5 f4 44. e4 dxe4 45. Nxe4 Bc7 46. Kf3 a6
47. Ng5 e5 48. d5 Kg8 49. Ne4 Qg7 50. Nf6+ Kf7 51. Qxg7+ Kxg7 52. Ne8+ Kg8 53.
Nxc7 Kf7 54. d6 e4+ 55. Kf2 Kf6 56. Nd5+ Ke6 57. Nxf4+ Kxd6 58. Ke3 Ke5 59. Nh5
h6 60. Ng3 b4 61. Nxe4 h5 62. Nd2 Kd5 63. Nf3 bxc3 64. bxc3 Kc5 65. a4 Kd5 66.
Kf4 Kd6 67. Ke4 1-0

[Event "Championnat de France - Accession"]
[Site "Nimes"]
[Date "2009.08.14"]
[Round "4.24"]
[White "Manoeuvre, Antoine"]
[Black "Rodier, David"]
[Result "1-0"]
[WhiteElo "2232"]
[BlackElo "2145"]
[PlyCount "125"]
[EventDate "2009.??.??"]

1. d4 d5 2. c4 c6 3. Nf3 Nf6 4. Nc3 dxc4 5. a4 Bf5 6. e3 e6 7. Bxc4 Bb4 8. O-O
O-O 9. Ne2 Nbd7 10. b3 Qa5 11. Ng3 Bg6 12. Bb2 Rad8 13. Qe2 Ne4 14. Nxe4 Bxe4
15. Ne1 e5 16. f3 Bg6 17. Nd3 Bd6 18. f4 exf4 19. e4 Nb6 20. Nxf4 Bxf4 21. Rxf4
Nxc4 22. Qxc4 Qd2 23. Rf2 Qg5 24. e5 Be4 25. Re1 Bd5 26. Qc3 h5 27. Bc1 Qg4 28.
h3 Qg6 29. Kh2 h4 30. b4 f5 31. Bf4 Be4 32. Qe3 b6 33. Rc1 Rd5 34. Rc4 b5 35.
axb5 cxb5 36. Rc5 Rfd8 37. Bg5 Rxc5 38. bxc5 Rb8 39. Bxh4 b4 40. Rb2 Bd5 41.
Be1 a5 42. Qf2 Ra8 43. Qc2 Qe6 44. Qa4 f4 45. Rf2 Bc6 46. Qa1 Qb3 47. Ra2 Qc4
48. Rf2 Qb3 49. Ra2 Qe3 50. Bxb4 f3 51. Qe1 Qf4+ 52. g3 Qxd4 53. Bc3 Qxc5 54.
Rf2 Re8 55. Qd2 a4 56. Bd4 Qd5 57. Qa2 Qb3 58. Rb2 Bd5 59. Rxb3 axb3 60. Qa5
Be6 61. Qb6 Kh8 62. g4 Bd5 63. Qb5 1-0

[Event "Championnat de France - Accession"]
[Site "Nimes"]
[Date "2009.08.14"]
[Round "4.25"]
[White "Grimberg, Gilbert"]
[Black "Kassis, Antoine"]
[Result "1/2-1/2"]
[WhiteElo "2336"]
[BlackElo "2183"]
[PlyCount "74"]
[EventDate "2009.??.??"]

1. c4 Nf6 2. g3 e5 3. Bg2 d5 4. cxd5 Nxd5 5. Nc3 Nb6 6. Nf3 Nc6 7. d3 Be7 8.
O-O $2 O-O $2 9. Be3 Be6 10. Qc1 f6 11. Rd1 Nd4 12. Bxd4 exd4 13. Nb5 c5 14. b4
a6 15. bxc5 axb5 16. cxb6 Qxb6 17. Qb2 Ra4 18. Rdb1 Bb4 19. Qxd4 Bc5 20. Qxa4
Bxf2+ 21. Kf1 bxa4 22. Rxb6 Bxb6 23. Rb1 Be3 24. Rxb7 Bxa2 25. Re7 Bc1 26. Nd4
Rb8 27. Ra7 Be3 28. Bc6 Bb3 29. Nxb3 Bxa7 30. Bxa4 Rb4 31. Bc6 Kf8 32. Bd5 Bb6
33. Nd2 Ke7 34. Bf3 f5 35. h4 Bd4 36. Kg2 Kf6 37. Nc4 Ba7 1/2-1/2

[Event "Championnat de France - Accession"]
[Site "Nimes"]
[Date "2009.08.14"]
[Round "4.26"]
[White "Dijoux, Frederic"]
[Black "Meynard, Thibault"]
[Result "0-1"]
[WhiteElo "2152"]
[BlackElo "2288"]
[PlyCount "114"]
[EventDate "2009.??.??"]

1. e4 c5 2. Nc3 Nc6 3. g3 g6 4. Bg2 Bg7 5. d3 e6 6. Be3 Nd4 7. Nce2 Qb6 8. c3
Nxe2 9. Qxe2 Ne7 10. Nh3 O-O 11. O-O d5 12. Rab1 d4 13. Bd2 dxc3 14. bxc3 Qa6
15. f4 Rd8 16. Nf2 e5 17. fxe5 Bxe5 18. Bg5 f6 19. Be3 b6 20. Qb2 Nc6 21. Rfd1
Qa4 22. Rd2 Be6 23. Rbd1 Na5 24. Bf1 Bc7 25. Be2 Rac8 26. Ng4 Rf8 27. Rf1 Bxg4
28. Bxg4 Rce8 29. Bh6 Rf7 30. Rdf2 Qc6 31. Qd2 Rd8 32. Bf4 Nc4 33. Qe2 Ne5 34.
Bxe5 Bxe5 35. Qc2 Kg7 36. Rd2 h5 37. Bh3 h4 38. gxh4 Rh8 39. Rg2 Rxh4 40. Bf5
g5 41. Qd2 Kf8 42. d4 Bf4 43. Qd3 Qd6 44. Rff2 cxd4 45. cxd4 Rc7 46. h3 Qb4 47.
Rf1 Rc3 48. Rb1 Be3+ 49. Kh2 Qa3 50. Qb5 Bf4+ 51. Kg1 Rc1+ 52. Rxc1 Qxc1+ 53.
Kf2 Be3+ 54. Ke2 Qd2+ 55. Kf3 Rf4+ 56. Kg3 Qe1+ 57. Kh2 Rf1 0-1

[Event "Championnat de France - Accession"]
[Site "Nimes"]
[Date "2009.08.14"]
[Round "4.27"]
[White "Lacroix, Romain"]
[Black "Strugnell, Carl"]
[Result "0-1"]
[WhiteElo "2141"]
[BlackElo "2280"]
[PlyCount "46"]
[EventDate "2009.??.??"]

1. e4 c5 2. Nf3 d6 3. Bb5+ Nc6 4. O-O $2 Bd7 5. Re1 Nf6 6. c3 a6 7. Bf1 Bg4 8.
h3 Bh5 9. Na3 e6 10. Nc2 Bg6 11. e5 dxe5 12. Nxe5 Nxe5 13. Rxe5 Be4 14. f3 Bc6
15. d3 Qc7 16. Re1 Qg3 17. Qd2 Bd6 18. Qg5 Qh2+ 19. Kf2 h6 20. Qxg7 Kd7 21. Ne3
Qe5 22. Nc4 Ne4+ 23. dxe4 Qxg7 0-1

[Event "Championnat de France - Accession"]
[Site "Nimes"]
[Date "2009.08.14"]
[Round "4.28"]
[White "Serralta, Michel"]
[Black "Rabineau, Clement"]
[Result "0-1"]
[WhiteElo "2137"]
[BlackElo "2263"]
[PlyCount "84"]
[EventDate "2009.??.??"]

1. d4 d6 2. c4 e5 3. Nf3 exd4 4. Nxd4 g6 5. e4 Bg7 6. Nc3 Nf6 7. Be2 O-O 8. Be3
Re8 9. f3 c6 10. Bf2 Na6 11. O-O Nh5 12. Qd2 Nc5 13. Rfe1 Be5 14. g3 Qf6 15. f4
Nxf4 16. gxf4 Bxf4 17. Qd1 Bxh2+ 18. Kg2 Bh3+ 19. Kxh2 Qxf2+ 20. Kxh3 Nxe4 21.
Nxe4 Rxe4 22. Nf3 Rae8 23. Rf1 Qxe2 24. Qxe2 Rxe2 25. b3 Kg7 26. Rfd1 R8e3 27.
Kg3 h5 28. Re1 Rxe1 29. Rxe1 Rxe1 30. Nxe1 Kf6 31. Kf3 Ke5 32. Ke3 Kf5 33. Nf3
Kg4 34. Kf2 Kf4 35. b4 f6 36. a4 Ke4 37. b5 Kd3 38. a5 c5 39. Nh4 Kxc4 40. b6
axb6 41. axb6 g5 42. Nf5 Kd5 0-1

[Event "Championnat de France - Accession"]
[Site "Nimes"]
[Date "2009.08.14"]
[Round "4.29"]
[White "Frederic, Clement"]
[Black "Barret, Simon"]
[Result "1-0"]
[WhiteElo "2235"]
[BlackElo "2166"]
[PlyCount "69"]
[EventDate "2009.??.??"]

1. e4 c5 2. Nf3 Nc6 3. d4 cxd4 4. Nxd4 Nf6 5. Nc3 e5 6. Ndb5 d6 7. Bg5 a6 8.
Na3 b5 9. Nd5 Be7 10. Bxf6 Bxf6 11. c3 O-O 12. Nc2 Bg5 13. Bd3 Be6 14. Nce3
Bxe3 15. Nxe3 Ne7 16. a4 bxa4 17. Rxa4 a5 18. O-O d5 19. Qh5 Bd7 20. Raa1 d4
21. cxd4 exd4 22. Nc4 a4 23. f4 f5 24. Ne5 Be6 25. exf5 Bxf5 26. Bc4+ Nd5 27.
Nc6 Qd7 28. Bxd5+ Kh8 29. Qf3 Ra6 30. Ne5 Qa7 31. Be4 Bxe4 32. Qxe4 d3+ 33. Kh1
d2 34. Qd3 Qe7 35. Qxa6 1-0

[Event "Championnat de France - Accession"]
[Site "Nimes"]
[Date "2009.08.14"]
[Round "4.30"]
[White "Ber, Yves"]
[Black "Salus, Stephane"]
[Result "1-0"]
[WhiteElo "2040"]
[BlackElo "2218"]
[PlyCount "81"]
[EventDate "2009.??.??"]

1. Nf3 c5 2. c3 d5 3. d4 e6 4. g3 Nf6 5. Bg2 Nc6 6. O-O Be7 7. Ne5 O-O 8. Nxc6
bxc6 9. Nd2 Qb6 10. Nb3 cxd4 11. cxd4 a5 12. Nc5 Bxc5 13. dxc5 Qxc5 14. Be3 Qb5
15. Qc2 Ba6 16. Rfe1 Nd7 17. Rad1 Rab8 18. Bc1 Qc4 19. Qb1 Qg4 20. Bf3 Qg6 21.
Qxg6 hxg6 22. e4 Rfc8 23. Be2 Nc5 24. Bxa6 Nxa6 25. b3 Nc5 26. f3 a4 27. Ba3
Nb7 28. exd5 cxd5 29. bxa4 Ra8 30. Bb4 Nd8 31. Rc1 Nc6 32. a3 Rxa4 33. Rc5 Raa8
34. Rec1 Na7 35. Kf2 Rcb8 36. Ra5 Nc8 37. Rxa8 Rxa8 38. Rc6 g5 39. Ke3 Kh7 40.
Bc5 Na7 41. Ra6 1-0

[Event "Championnat de France - Accession"]
[Site "Nimes"]
[Date "2009.08.14"]
[Round "4.31"]
[White "Depoorter, Enguerran"]
[Black "Velten, Paul"]
[Result "0-1"]
[WhiteElo "2207"]
[BlackElo "2153"]
[PlyCount "50"]
[EventDate "2009.??.??"]

1. e4 e6 2. Nf3 d5 3. e5 Bd7 4. a3 a6 5. b4 Nh6 6. d4 Bb5 7. Nc3 Bxf1 8. Kxf1
Nd7 9. Ne2 a5 10. c3 axb4 11. cxb4 Nf5 12. Bb2 Nb6 13. g3 Nc4 14. Qb3 h5 15. h4
Qd7 16. Nc3 Be7 17. Kg2 O-O 18. Bc1 Qc6 19. Ne2 Qa4 20. Qd3 Bxb4 21. Nf4 g6 22.
Ng5 Be7 23. Ngxe6 fxe6 24. Nxe6 Rf7 25. g4 Nxe5 0-1

[Event "Championnat de France - Accession"]
[Site "Nimes"]
[Date "2009.08.14"]
[Round "4.32"]
[White "Ozenne, Corentin"]
[Black "Villegas, Pierre"]
[Result "0-1"]
[WhiteElo "1996"]
[BlackElo "2202"]
[PlyCount "58"]
[EventDate "2009.??.??"]

1. d4 d6 2. c4 e5 3. Nf3 e4 4. Ng5 f5 5. g3 Be7 6. Nh3 Nf6 7. Bg2 O-O 8. O-O c5
9. d5 Nbd7 10. Nc3 Ne5 11. b3 Bd7 12. f3 exf3 13. exf3 Ne8 14. Nf4 Nc7 15. Re1
Bf6 16. Bb2 g5 17. Ne6 Bxe6 18. dxe6 Nxe6 19. f4 gxf4 20. Bd5 Re8 21. gxf4 Ng4
22. Bxe6+ Rxe6 23. Qd5 Bd4+ 24. Kh1 Nf2+ 25. Kg2 Qh4 26. Qxe6+ Kh8 27. Qxf5
Rg8+ 28. Kf3 Qxh2 29. Ne4 Qg2+ 0-1

[Event "Championnat de France - Accession"]
[Site "Nimes"]
[Date "2009.08.14"]
[Round "4.33"]
[White "Jeanne, Mickael"]
[Black "Ouakhir, Mehdi"]
[Result "1/2-1/2"]
[WhiteElo "2148"]
[BlackElo "2237"]
[PlyCount "39"]
[EventDate "2009.??.??"]

1. Nf3 d5 2. d4 Nf6 3. c4 c6 4. Nc3 e6 5. Bg5 dxc4 6. e4 b5 7. e5 h6 8. Bh4 g5
9. Nxg5 hxg5 10. Bxg5 Nbd7 11. g3 Bb7 12. Bg2 Qb6 13. exf6 O-O-O 14. O-O c5 15.
d5 b4 16. Rb1 Qa6 17. dxe6 Bxg2 18. e7 Bxf1 19. Qd5 Bxe7 20. fxe7 1/2-1/2

[Event "Championnat de France - Accession"]
[Site "Nimes"]
[Date "2009.08.14"]
[Round "4.34"]
[White "Wunderman, Xavier"]
[Black "Glicenstein, Asher"]
[Result "1-0"]
[WhiteElo "2169"]
[BlackElo "2199"]
[Annotator "Rivier,Sylvain"]
[PlyCount "55"]
[EventDate "2009.??.??"]

1. e4 c5 2. Nc3 a6 3. g3 b5 4. Bg2 Ra7 5. Nge2 e6 6. O-O c4 7. b3 d6 8. d3 b4
9. Na4 c3 10. Be3 Rb7 11. a3 a5 12. axb4 axb4 13. h3 h5 14. f4 g6 15. Bd4 Rh7
16. Be3 Bh6 17. Qe1 Nd7 18. Qf2 Ne7 19. Bc1 Qc7 20. d4 f5 21. exf5 g5 22. Be3
Nf6 23. Bf3 Ne4 24. Qg2 Nd5 25. Bxh5+ Kf8 26. Bc1 Bd7 27. Bf3 Bc6 28. Bxe4 {
suite illisible} 1-0

[Event "Championnat de France - Accession"]
[Site "Nimes"]
[Date "2009.08.14"]
[Round "4.35"]
[White "Thet, Sylvain"]
[Black "Nass, Emile"]
[Result "0-1"]
[WhiteElo "2031"]
[BlackElo "2186"]
[PlyCount "106"]
[EventDate "2009.??.??"]

1. d4 Nf6 2. c4 c6 3. Nc3 d5 4. Nf3 e6 5. e3 Be7 6. Bd3 Nbd7 7. O-O a6 8. e4
dxc4 9. Bxc4 b5 10. Bd3 Bb7 11. e5 Nd5 12. Nxd5 cxd5 13. Bd2 O-O 14. Qe2 b4 15.
Rfe1 a5 16. Rad1 Nb8 17. Qe3 Ba6 18. Bb1 Re8 19. Qf4 Nd7 20. Qg4 Nf8 21. Qh5 f5
22. exf6 Bxf6 23. Bf4 Bb5 24. Ng5 g6 25. Qg4 Qd7 26. h4 Rad8 27. Nf3 Qg7 28.
Qg3 Nd7 29. Bc7 Ra8 30. Ng5 Ra6 31. Bd6 Nf8 32. Nf3 Rc6 33. Bf4 Nd7 34. Ne5
Nxe5 35. Bxe5 Bxe5 36. Rxe5 Rf8 37. h5 Rf6 38. Rg5 Be2 39. Re1 Bxh5 40. Qb8+
Rf8 41. Qg3 Kh8 42. Qe3 Qf6 43. f3 h6 44. Re5 g5 45. Qd3 Qg7 46. Rxe6 Rxe6 47.
Rxe6 Bf7 48. Ra6 Rc8 49. Kh2 Rc4 50. Ra8+ Bg8 51. Qf5 Rxd4 52. Rc8 Rh4+ 53. Kg3
Qe7 0-1

[Event "Championnat de France - Accession"]
[Site "Nimes"]
[Date "2009.08.14"]
[Round "4.36"]
[White "Forgues, Fabien"]
[Black "Lewis, John"]
[Result "1/2-1/2"]
[WhiteElo "2184"]
[BlackElo "2147"]
[PlyCount "73"]
[EventDate "2009.??.??"]

1. e4 c5 2. Nf3 Nc6 3. d4 cxd4 4. Nxd4 Nf6 5. Nc3 d6 6. Be2 e6 7. Be3 a6 8. O-O
Be7 9. Kh1 Qc7 10. f4 O-O 11. Qe1 Nxd4 12. Bxd4 b5 13. a3 Bb7 14. Bf3 Bc6 15.
Qg3 Kh8 16. Rae1 Rae8 17. e5 dxe5 18. fxe5 Nd7 19. Ne4 Bxe4 20. Bxe4 Nc5 21.
Bxc5 Bxc5 22. Qh4 g6 23. c3 Qe7 24. Qf4 Kg7 25. b4 Bb6 26. Rf3 f5 27. exf6+
Rxf6 28. Qxf6+ Qxf6 29. Rxf6 Kxf6 30. Bb7 e5 31. g3 a5 32. Ba6 axb4 33. axb4 e4
34. Bxb5 Rc8 35. Be2 Ke5 36. c4 Bd4 37. Bf3 1/2-1/2

[Event "Championnat de France - Accession"]
[Site "Nimes"]
[Date "2009.08.14"]
[Round "4.37"]
[White "Prodhomme, Boris"]
[Black "Callet, Emmanuel"]
[Result "1/2-1/2"]
[WhiteElo "2183"]
[BlackElo "2215"]
[PlyCount "117"]
[EventDate "2009.??.??"]

1. d4 Nf6 2. c4 e6 3. Nf3 Bb4+ 4. Bd2 a5 5. Nc3 d5 6. g3 O-O 7. Bg2 dxc4 8. O-O
Nbd7 9. Qc2 Nb6 10. Rfd1 Qe8 11. e4 Bd7 12. e5 Nfd5 13. Ng5 f5 14. exf6 Nxf6
15. Re1 Bxc3 16. Bxc3 Qh5 17. f4 Nbd5 18. Bf3 Qg6 19. Qxg6 hxg6 20. Nxe6 Rfe8
21. Ng5 b5 22. Re5 c6 23. Ne4 b4 24. Nxf6+ gxf6 25. Rxd5 cxd5 26. Bxd5+ Kg7 27.
Be1 Rac8 28. Kf2 Bb5 29. a4 Ba6 30. Bf3 c3 31. bxc3 bxc3 32. Rc1 c2 33. Bxa5
Bd3 34. Bb6 Rc4 35. d5 Rb4 36. Be3 Rxa4 37. d6 Rd8 38. d7 Rc4 39. Bd5 Rb4 40.
Bc6 Rb1 41. Ke1 Bf5 42. Ba4 Bxd7 43. Bxc2 Rxc1+ 44. Bxc1 Bc6 45. h4 Bf3 46. f5
Re8+ 47. Kf2 Be4 48. Bxe4 Rxe4 49. fxg6 Kxg6 50. Bf4 f5 51. Kf3 Ra4 52. Bg5 Ra1
53. Bd8 Rf1+ 54. Ke2 Rg1 55. Kf3 Rd1 56. Bg5 Rd4 57. Be7 Kh5 58. Bg5 Ra4 59.
Be7 1/2-1/2

[Event "Championnat de France - Accession"]
[Site "Nimes"]
[Date "2009.08.15"]
[Round "5.1"]
[White "Benitah, Yohan"]
[Black "Bailet, Pierre"]
[Result "1/2-1/2"]
[WhiteElo "2383"]
[BlackElo "2352"]
[PlyCount "31"]

1. d4 Nf6 2. c4 d6 3. Nc3 g6 4. e4 Bg7 5. Nf3 O-O 6. Be2 e5 7. O-O Nbd7 8. Be3
c6 9. Qd2 Qe7 10. d5 c5 11. h3 Ne8 12. Bg5 Bf6 13. Bxf6 Qxf6 14. Ne1 Qg7 15.
Nd3 f5 16. f4 1/2-1/2

[Event "Championnat de France - Accession"]
[Site "Nimes"]
[Date "2009.08.15"]
[Round "5.2"]
[White "Lutz, Eric"]
[Black "Shirazi, Kamran"]
[Result "0-1"]
[WhiteElo "2245"]
[BlackElo "2384"]
[PlyCount "144"]

1. d4 Nf6 2. Nf3 g6 3. Nbd2 c5 4. e3 Bg7 5. b3 cxd4 6. exd4 O-O 7. Bb2 Nc6 8.
Be2 d5 9. O-O Bf5 10. Kh1 Rc8 11. a3 Qb6 12. c4 dxc4 13. Nxc4 Qd8 14. Nce5 Be6
15. Nxc6 Rxc6 16. Ne5 Rb6 17. Bc4 Bxc4 18. Nxc4 Rb5 19. a4 Rd5 20. Qf3 e6 21.
Rae1 Qb8 22. Ne5 Nd7 23. Ba3 Bxe5 24. Bxf8 Bxh2 25. g3 Rh5 26. Kg2 Kxf8 27. Rh1
Rf5 28. Qe2 Bxg3 29. fxg3 Nf6 30. Rhf1 Rg5 31. Qf3 Rf5 32. Qc3 Rxf1 33. Rxf1
Nd5 34. Qc5+ Kg7 35. Rf3 h5 36. b4 a6 37. b5 axb5 38. Qxb5 Qc8 39. Qc5 Qd7 40.
Qb5 Qc7 41. Qc5 Qd8 42. Qb5 b6 43. Kh2 h4 44. g4 Qg5 45. Qe2 Kg8 46. Qb5 Qd2+
47. Kh3 Kg7 48. Qf1 f6 49. Qf2 Qd1 50. Kxh4 g5+ 51. Kg3 Qxa4 52. Qf1 Qd7 53.
Kf2 Qc7 54. Kg1 Qb7 55. Qb5 Qc8 56. Qb2 Qc4 57. Rh3 Qc6 58. Kh2 Qc7+ 59. Kg2
Qf4 60. Rg3 Ne3+ 61. Kh3 Qe4 62. Rg1 Qf3+ 63. Kh2 Kh6 64. d5 exd5 65. Rh1 Kg7
66. Ra1 d4 67. Ra7+ Kh6 68. Kg1 Qxg4+ 69. Kh1 Qh3+ 70. Kg1 Qf5 71. Kh2 Ng4+ 72.
Kg3 Qf4+ 0-1

[Event "Championnat de France - Accession"]
[Site "Nimes"]
[Date "2009.08.15"]
[Round "5.3"]
[White "Le Goff, Damien"]
[Black "Lagarde, Maxime"]
[Result "1/2-1/2"]
[WhiteElo "2270"]
[BlackElo "2352"]
[PlyCount "149"]

1. e4 c5 2. Nf3 d6 3. Bb5+ Bd7 4. Bxd7+ Qxd7 5. O-O Nf6 6. Re1 Nc6 7. b3 g6 8.
c3 Bg7 9. d4 O-O 10. d5 Ne5 11. Nxe5 dxe5 12. c4 Ne8 13. Be3 Rc8 14. Nd2 Nd6
15. a3 e6 16. Rc1 f5 17. f3 exd5 18. cxd5 b6 19. a4 f4 20. Bf2 g5 21. h3 h5 22.
Nc4 Nf7 23. Kf1 g4 24. hxg4 hxg4 25. Ke2 g3 26. Bg1 Nd6 27. Nxd6 Qxd6 28. Qd3
Rf7 29. Rc3 Bf8 30. Rec1 Rfc7 31. Qa6 Qh6 32. Kd3 Bd6 33. R3c2 Qg7 34. a5 Rb8
35. b4 Qe7 36. Qb5 a6 37. Qxa6 Ra7 38. Qc4 b5 39. Qxc5 Bxc5 40. Bxc5 Qd7 41.
Bxa7 Qxa7 42. Rc8+ Rxc8 43. Rxc8+ Kf7 44. Rc5 Ke8 45. Kc3 Qh7 46. Kb2 Qh1 47.
Rc2 Qe1 48. Kb3 Qb1+ 49. Rb2 Qd1+ 50. Ka2 Kd7 51. Rb3 Kc7 52. Rb2 Kb7 53. Rb3
Qc2+ 54. Rb2 Qf2 55. Kb1 Qe1+ 56. Ka2 Qf1 57. Rc2 Qe1 58. Rb2 Qc1 59. Kb3 Qa1
60. Kc2 Qa3 61. Kb1 Qa4 62. Kc1 Qa1+ 63. Kc2 Qf1 64. Kb3 Qd3+ 65. Ka2 Qc4+ 66.
Kb1 Ka6 67. Ka1 Qc1+ 68. Ka2 Ka7 69. Kb3 Qe3+ 70. Ka2 Qd3 71. Ka1 Ka6 72. Ka2
Qd1 73. Rb3 Qc2+ 74. Rb2 Qc4+ 75. Kb1 1/2-1/2

[Event "Championnat de France - Accession"]
[Site "Nimes"]
[Date "2009.08.15"]
[Round "5.4"]
[White "Boudre, Jean-Pierre"]
[Black "Sochacki, Christophe"]
[Result "1-0"]
[WhiteElo "2337"]
[BlackElo "2274"]
[PlyCount "99"]

1. e4 c5 2. Nf3 d6 3. d4 cxd4 4. Nxd4 Nf6 5. Nc3 g6 6. Be2 Bg7 7. O-O Nc6 8.
Nb3 O-O 9. Re1 a6 10. Bf1 b5 11. a4 b4 12. Nd5 Bb7 13. Bg5 Nd7 14. Rb1 h6 15.
Be3 e6 16. Nf4 Qc7 17. Qd2 Nde5 18. f3 Rac8 19. Qf2 Ne7 20. Rec1 g5 21. Nd3 Nc4
22. Nxb4 Bxb2 23. Rd1 Bc3 24. Bxc4 Bxb4 25. Bd3 Ng6 26. Nd2 Bc3 27. Nc4 Rce8
28. Nxd6 Qxd6 29. Rxb7 Rb8 30. Rxb8 Rxb8 31. g3 Ne5 32. Be2 Qc6 33. f4 gxf4 34.
gxf4 Nc4 35. Bd4 Bxd4 36. Qxd4 Nb2 37. Rd2 Kh7 38. a5 Na4 39. Kf2 Qc3 40. Qxc3
Nxc3 41. Bd3 Rb4 42. Ke3 Ra4 43. Rg2 Rxa5 44. Kd4 Na2 45. c3 Ra4+ 46. Bc4 Nc1
47. Kc5 a5 48. Rc2 Ra1 49. Kd6 a4 50. Ke7 1-0

[Event "Championnat de France - Accession"]
[Site "Nimes"]
[Date "2009.08.15"]
[Round "5.5"]
[White "Crut, Aurelien"]
[Black "Van Elst, Andreas"]
[Result "0-1"]
[WhiteElo "2335"]
[BlackElo "2288"]
[PlyCount "98"]

1. e4 c5 2. Nf3 e6 3. c3 Nf6 4. e5 Nd5 5. d4 cxd4 6. cxd4 b6 7. Bd3 Bb7 8. O-O
Be7 9. Nc3 O-O 10. Re1 Nxc3 11. bxc3 d6 12. Bf4 dxe5 13. Nxe5 Nd7 14. Re3 Nxe5
15. Bxe5 g6 16. Qg4 Bf6 17. Rae1 Rc8 18. Be4 Bxe4 19. Qxe4 Bxe5 20. dxe5 Qe7
21. Qf4 Rfd8 22. Qf6 Qf8 23. Qh4 Rd7 24. Rh3 h5 25. Qg5 Qd8 26. Qc1 Rd3 27.
Rxd3 Qxd3 28. Re3 Qd5 29. Qc2 Rd8 30. Kf1 Qd1+ 31. Qxd1 Rxd1+ 32. Re1 Rd3 33.
Re3 Rd1+ 34. Re1 Rd5 35. c4 Rc5 36. Re4 g5 37. f3 Kg7 38. g4 Ra5 39. Re2 Ra3
40. Kf2 hxg4 41. fxg4 Rc3 42. Re4 Rc2+ 43. Kg3 Rxa2 44. Re3 Rc2 45. Ra3 Rxc4
46. Rxa7 Rc3+ 47. Kg2 Rc5 48. Rb7 b5 49. h4 gxh4 0-1

[Event "Championnat de France - Accession"]
[Site "Nimes"]
[Date "2009.08.15"]
[Round "5.6"]
[White "Debray, Christopher"]
[Black "Di Nicolantonio, Lucas"]
[Result "1-0"]
[WhiteElo "2328"]
[BlackElo "2100"]
[PlyCount "81"]

1. d4 d5 2. c4 c6 3. Nf3 Nf6 4. e3 a6 5. Nc3 b5 6. b3 Bf5 7. Ne5 e6 8. g4 Bb4
9. Bd2 Qa5 10. Rc1 Ne4 11. Nxe4 Bxe4 12. f3 Bg6 13. cxd5 exd5 14. h4 f6 15.
Nxc6 Nxc6 16. Rxc6 O-O 17. h5 Bb1 18. Bxb4 Qxb4+ 19. Qd2 Qa3 20. Rh2 Rac8 21.
Qc3 Rxc6 22. Qxc6 Bxa2 23. h6 Qb4+ 24. Kf2 Qd2+ 25. Be2 Bxb3 26. hxg7 Kxg7 27.
Qd7+ Rf7 28. Rxh7+ Kxh7 29. Qxf7+ Kh8 30. Qxf6+ Kg8 31. g5 Bd1 32. Qg6+ Kh8 33.
Qd3 Qxe2+ 34. Qxe2 Bxe2 35. Kxe2 Kg7 36. e4 dxe4 37. d5 exf3+ 38. Kxf3 b4 39.
Ke3 b3 40. Kd3 a5 41. d6 1-0

[Event "Championnat de France - Accession"]
[Site "Nimes"]
[Date "2009.08.15"]
[Round "5.7"]
[White "Jablonski, Noham"]
[Black "Dubreuil, Julien"]
[Result "1-0"]
[WhiteElo "2305"]
[BlackElo "2250"]
[PlyCount "63"]

1. e4 e6 2. d4 d5 3. Nc3 Nf6 4. e5 Nfd7 5. f4 c5 6. Nf3 Nc6 7. Be3 a6 8. Qd2 b5
9. Be2 Qb6 10. Nd1 cxd4 11. Nxd4 Nxd4 12. Bxd4 Bc5 13. c3 O-O 14. Ne3 a5 15.
O-O b4 16. Rf3 f5 17. g4 fxg4 18. Nxg4 bxc3 19. bxc3 Ba6 20. Bxa6 Rxa6 21. Kh1
Bxd4 22. cxd4 Qb4 23. Qe3 h5 24. Nf2 Rf5 25. Rg1 Nf8 26. Rfg3 Ra7 27. Nd3 Qc3
28. Qf2 Raf7 29. Nc5 Qc4 30. Qg2 g5 31. Rxg5+ Kh7 32. Rg7+ 1-0

[Event "Championnat de France - Accession"]
[Site "Nimes"]
[Date "2009.08.15"]
[Round "5.8"]
[White "Moussard, Jules"]
[Black "Valles, Manuel"]
[Result "1/2-1/2"]
[WhiteElo "2292"]
[BlackElo "2142"]
[PlyCount "117"]

1. e4 c5 2. Nf3 Nc6 3. d4 cxd4 4. Nxd4 Nf6 5. Nc3 e5 6. Ndb5 d6 7. Bg5 a6 8.
Na3 b5 9. Nd5 Be7 10. Bxf6 Bxf6 11. c3 O-O 12. Nc2 Bg5 13. a4 bxa4 14. Rxa4 a5
15. Bc4 Rb8 16. Ra2 Kh8 17. O-O f5 18. exf5 Bxf5 19. Nce3 Bg6 20. Qa4 Be8 21.
Qc2 Bg6 22. Bd3 Bxe3 23. Nxe3 Bf7 24. Raa1 Bg8 25. Bc4 d5 26. Bxd5 Bxd5 27.
Rfd1 Nd4 28. cxd4 Bb3 29. dxe5 Bxc2 30. Rxd8 Rfxd8 31. Nxc2 Rxb2 32. Ne3 Kg8
33. g3 Ra8 34. Nc4 Rb4 35. Rxa5 Rxa5 36. Nxa5 Rb5 37. Nc6 Rc5 38. Nd4 Rxe5 39.
Kg2 Rd5 40. Nc2 Kf7 41. Ne3 Rd4 42. h4 Ke6 43. Kf3 Rd2 44. Nc4 Ra2 45. Ne3 Ra8
46. Ke4 Ra4+ 47. Kf3 h5 48. Ng2 Kf5 49. Nf4 g6 50. Nd5 Ra3+ 51. Kg2 Ke4 52. Nf4
Ra6 53. Ne2 Rf6 54. Nc3+ Ke5 55. Ne2 Rf8 56. Ng1 Ke4 57. Nh3 Rf6 58. Ng5+ Kd3
59. Nh3 1/2-1/2

[Event "Championnat de France - Accession"]
[Site "Nimes"]
[Date "2009.08.15"]
[Round "5.9"]
[White "Platel, Alexandre"]
[Black "Saada, Julien"]
[Result "1/2-1/2"]
[WhiteElo "2206"]
[BlackElo "2289"]
[PlyCount "29"]

1. e4 c6 2. c4 d5 3. exd5 cxd5 4. cxd5 Nf6 5. Qa4+ Nbd7 6. Nc3 g6 7. Bc4 Bg7 8.
d3 a6 9. Qa3 O-O 10. Nge2 b6 11. O-O Bb7 12. Nf4 b5 13. Bb3 Nb6 14. Re1 Bxd5
15. Nfxd5 1/2-1/2

[Event "Championnat de France - Accession"]
[Site "Nimes"]
[Date "2009.08.15"]
[Round "5.10"]
[White "Migot, Tangi"]
[Black "Song, Julien"]
[Result "1/2-1/2"]
[WhiteElo "2114"]
[BlackElo "2319"]
[PlyCount "36"]

1. e4 e6 2. d4 d5 3. Nc3 Nf6 4. e5 Nfd7 5. f4 c5 6. Nf3 g6 7. Be3 b5 8. Qd2 Be7
9. Be2 O-O 10. O-O Nc6 11. a3 Qc7 12. dxc5 Nxc5 13. Nd4 Bb7 14. Rad1 Rad8 15.
Qe1 Ne4 16. Nxe4 dxe4 17. Qc3 Rc8 18. Nxc6 Bxc6 1/2-1/2

[Event "Championnat de France - Accession"]
[Site "Nimes"]
[Date "2009.08.15"]
[Round "5.11"]
[White "Jolly, Jean-Francois"]
[Black "Schabanel, Stephane"]
[Result "1/2-1/2"]
[WhiteElo "2366"]
[BlackElo "2259"]
[PlyCount "34"]

1. d4 d5 2. c4 c6 3. Nc3 dxc4 4. e4 b5 5. a4 b4 6. Na2 Nf6 7. e5 Nd5 8. Bxc4
Bf5 9. Qf3 e6 10. Ne2 Nd7 11. Bd2 a5 12. O-O Be7 13. Nac1 O-O 14. Ng3 Bg6 15.
Bb3 Rc8 16. Nd3 Qb6 17. Ne2 Rfd8 1/2-1/2

[Event "Championnat de France - Accession"]
[Site "Nimes"]
[Date "2009.08.15"]
[Round "5.12"]
[White "Ider, Borya"]
[Black "Bissieres, Matthieu"]
[Result "1/2-1/2"]
[WhiteElo "2234"]
[BlackElo "2300"]
[PlyCount "33"]

1. d4 d6 2. Nf3 Nf6 3. g3 g6 4. Bg2 Bg7 5. O-O O-O 6. h3 Nbd7 7. d5 Nb6 8. Nc3
e6 9. dxe6 fxe6 10. e4 e5 11. b3 Kh8 12. a4 Be6 13. Ba3 a5 14. Qe2 Nh5 15. Qe3
Nd7 16. Rad1 b6 17. Kh2 1/2-1/2